LEADER 00906nam a2200217 i 4500 001 000000036666 003 CaOOAMICUS 005 20090617000000.0 008 090617s1966 it u000 u ita u 013 $a6418 040 $aSeMil$bita 100 1 $aFlorit, Ermenegildo .$0(OLS)http://semarc/name/17322 245 10$aDopo il concilio :$blettera pastorale per la quaresima del 1966 /$cErmenegildo Florit. 260 $aRoma :$bCittà Nuova,$ccopyr. 1966. 300 $a98 p. ;$c19 cm. 650 4$aVescovi - Lettere pastorali.$0(OLS)http://semarc/subject/746 850 $aSeMil 852 $aSeMil$W1$xVenegono$y1$m2A II 324$j2821$B2821$CSeMilBibl$Z2$F2821 $81 961 $aOmaggio: Donazione 996 $6245$aDopo il concilio :$blettera pastorale per la quaresima del 1966$9(OLS)http://semarc/title/50898 996 $6260$aRoma :$bCittà Nuova$9(OLS)http://semarc/publisher/29609 LEADER 01034nam a2200217 i 4500 001 000000200237 003 CaOOAMICUS 005 20110406000000.0 008 110406s2000 it u000 u ita u 013 $a178935 040 $aSeMil$bita 100 1 $aBagnasco, Angelo,$c.$0(OLS)http://semarc/name/43104 245 10$aPerchè il mondo creda :$bla comunione per la missione : Lettera pastorale per l'anno 2000-2001 /$cAngelo Bagnasco Arcivescovo di Pesaro. 260 $a[S.l. :$bs.n.],$c2000. 300 $a46 p. ;$c20 cm. 650 4$aBagnasco, Angelo - Scritti, discorsi, omelie, lettere pastorali, etc.$0(OLS)http://semarc/subject/37592 850 $aSeMil 852 $aSeMil$W1$xVenegono$y1$m5D VII 18/17$j150766$B150766$CSeMilBibl$Z2$F162078 $81 961 $aOmaggio: Altro 996 $6245$aPerchè il mondo creda :$bla comunione per la missione : Lettera pastorale per l'anno 2000-2001$9(OLS)http://semarc/title/289542 996 $6260$a[S.l. :$bs.n.]$9(OLS)http://semarc/publisher/29751